| 000 | 00889nas a2200289 4500 | ||
|---|---|---|---|
| 001 | BR9705405 | ||
| 003 | BR-BrBNA | ||
| 005 | 20231205100632.0 | ||
| 007 | ta | ||
| 008 | 230509b bl.|||p| |||| 00| 00por d | ||
| 040 |
_aBR-BrBNA _bpor _cBiblioteca Nacional de Agricultura |
||
| 041 | _a(Pt) | ||
| 072 | _aF07 | ||
| 100 | 1 | _aBarbieri, J.L. | |
| 100 | 1 | _aAlleoni, L.R.F. | |
| 100 | 1 | _aDonzelli, J.L. | |
| 245 | 1 | _aAvaliacao agronomica e economica de sistemas de preparo de solo para cana-de-acucar | |
| 650 | _aSolo | ||
| 650 | _aCana de Acucar | ||
| 650 | _aLatossolo Vermelho Amarelo | ||
| 650 | _aLatossolo Roxo | ||
| 650 | _aSistema de Producao | ||
| 650 | _aManejo do Solo | ||
| 773 | 0 |
_tRevista Brasileira de Ciencia do Solo (Brazil) _xISSN 0100-0683 _g(Jan-Mar 1997), v. 21(1) p. 89-98 _wBR9705405 |
|
| 909 |
_a202311 _bLúcia _c55 _dLúcia Elande |
||
| 942 |
_2AGRIS _n0 _cANA |
||
| 999 |
_c157143 _d157143 |
||